| 000 | 00450nam a2200145Ia 4500 | ||
|---|---|---|---|
| 008 | 170224s9999 xx 000 0 und d | ||
| 100 | _aBarkathunnisha Abu Bakar | ||
| 245 | _aTourism and trails: cultural, ecological and management issues | ||
| 245 | _cBarkathunnisha Abu Bakar | ||
| 260 | _bJournal of Policy Research in Tourism, Leisure and Events | ||
| 260 | _c2016 | ||
| 300 | _a8:2, Pages: 231-232 | ||
| 500 | _a2016 | ||
| 650 | _xTourism. | ||
| 999 |
_c315640 _d315640 |
||